00379nam a2200133 a 450000500170000000800410001702000180005805000180007610000190009424500490011326000410016230000090020344000330021220140412111427.0090710s19uu xx 00 eng d a0-7172-8825-0 aERbBa23 1998 aBalducci, Rita aBarbie :bA sea of friends /cRita Balducci. aU.S.A :bGrolier enterprises,c1998. a55p. aBarbie and friends book club